[Event "IECG SL.2006.0.00047"]
[Site "IECG email"]
[Date "2006.08.14"]
[Round "?"]
[White "Corradetti, Roberto"]
[Black "Ribeiro, Nuno Luis"]
[Result "0-1"]
[WhiteElo "1316"]
[BlackElo "1000"]
[PlyCount "70"]
[EventDate "2006.08.14"]
[EventType "tourn (corr)"]
[EventRounds "6"]
[SourceTitle "Corr 2008"]
[Source "ChessBase"]
[SourceDate "2008.06.24"]
[SourceVersion "1"]
[SourceVersionDate "2008.06.24"]
[SourceQuality "1"]

1. e4 c6 2. d4 d5 3. e5 Bf5 4. Nc3 e6 5. Bd3 Bxd3 6. Qxd3 c5 7. dxc5 Bxc5 8. Nf3 Nd7 9. 0-0 Ne7 10. Na4 0-0 11. Nxc5 Nxc5 12. Qa3 Qc7 13. Be3 Ne4 14. Nd4 a6 15. f3 Nc5 16. Rfe1 Ng6 17. Bf2 Rac8 18. Bg3 b5 19. Rad1 Na4 20. Rd2 Qd8 21. c3 Qg5 22. Nb3 Rfd8 23. Qb4 Rc4 24. Qa5 Ra8 25. Kh1 h5 26. f4 Qg4 27. f5 exf5 28. Nd4 Rcc8 29. e6 fxe6 30. Nxe6 f4 31. Bf2 f3 32. g3 Re8 33. b3 Rxe6 34. Rxe6 Qxe6 35. bxa4 Re8 0-1

[Event "IECG SL.2006.0.00047"]
[Site "IECG email"]
[Date "2006.08.14"]
[Round "?"]
[White "Newton, Lynn"]
[Black "Corradetti, Roberto"]
[Result "1/2-1/2"]
[WhiteElo "1000"]
[BlackElo "1316"]
[PlyCount "41"]
[EventDate "2006.08.14"]
[EventType "tourn (corr)"]
[EventRounds "6"]
[SourceTitle "Corr 2008"]
[Source "ChessBase"]
[SourceDate "2008.06.24"]
[SourceVersion "1"]
[SourceVersionDate "2008.06.24"]
[SourceQuality "1"]

1. c4 e5 2. Nc3 Nf6 3. Nf3 Nc6 4. e3 Be7 5. Bd3 0-0 6. 0-0 d5 7. cxd5 Nxd5 8. Bb5 Nxc3 9. dxc3 e4 10. Nd4 Nxd4 11. exd4 Bd6 12. Re1 c6 13. Ba4 Bf5 14. Bb3 Qh4 15. g3 Qh3 16. Re3 Rfe8 17. Bd2 Rad8 18. Qf1 Qh5 19. Rae1 Bh3 20. Bd1 Qxd1 21. Rxd1 1/2-1/2

[Event "IECG SL.2006.0.00047"]
[Site "IECG email"]
[Date "2006.08.14"]
[Round "?"]
[White "Trevis, Robert R"]
[Black "Corradetti, Roberto"]
[Result "0-1"]
[WhiteElo "1319"]
[BlackElo "1316"]
[PlyCount "64"]
[EventDate "2006.08.14"]
[EventType "tourn (corr)"]
[EventRounds "6"]
[SourceTitle "Corr 2008"]
[Source "ChessBase"]
[SourceDate "2008.06.24"]
[SourceVersion "1"]
[SourceVersionDate "2008.06.24"]
[SourceQuality "1"]

1. e4 c5 2. d4 cxd4 3. Nf3 e6 4. Nxd4 Nf6 5. Nc3 d6 6. Bb5+ Nbd7 7. 0-0 Be7 8. Bg5 0-0 9. Qd2 Nc5 10. Rae1 Nfxe4 11. Nxe4 Nxe4 12. Rxe4 Bxg5 13. f4 Bf6 14. c3 e5 15. fxe5 dxe5 16. Rxf6 Qxf6 17. Re1 exd4 18. cxd4 Rd8 19. Re4 Bf5 20. Rf4 g5 21. Rf3 Rxd4 22. Qf2 Rd5 23. Bd3 Rc8 24. Bf1 g4 25. Rf4 Qe5 26. g3 Rc2 27. Qxa7 Rxb2 28. Rf2 Rxf2 29. Qxf2 Qd4 30. Qxd4 Rxd4 31. Bg2 b6 32. a3 Ra4 0-1

[Event "IECG CP-2005-P-00113"]
[Site "IECG email"]
[Date "2005.10.01"]
[Round "?"]
[White "Flores, Luis"]
[Black "Corradetti, Roberto"]
[Result "0-1"]
[WhiteElo "1878"]
[BlackElo "1231"]
[PlyCount "28"]
[EventDate "2005.??.??"]
[EventType "tourn (corr)"]
[EventRounds "6"]
[SourceTitle "Corr 2024"]
[Source "ChessBase"]
[SourceDate "2023.10.19"]
[SourceVersion "1"]
[SourceVersionDate "2023.10.19"]
[SourceQuality "1"]

1. d4 Nf6 2. Bg5 h6 3. Bxf6 exf6 4. e3 Bb4+ 5. c3 Be7 6. Bd3 0-0 7. Qf3 d5 8. Ne2 c5 9. Nd2 c4 10. Bc2 Nc6 11. 0-0 Be6 12. Nf4 f5 13. Rfd1 Bd6 14. Kh1 Qh4 0-1

[Event "SEMI B049 email"]
[Site "SEMI email"]
[Date "2005.09.01"]
[Round "?"]
[White "Corradetti, Roberto"]
[Black "Cisneros Rivera, Claudi"]
[Result "1-0"]
[WhiteElo "1200"]
[BlackElo "1500"]
[PlyCount "90"]
[EventDate "2005.09.01"]
[EventType "tourn (corr)"]
[EventRounds "6"]
[EventCountry "ITA"]
[SourceTitle "Corr 2008"]
[Source "ChessBase"]
[SourceDate "2008.06.24"]
[SourceVersion "1"]
[SourceVersionDate "2008.06.24"]
[SourceQuality "1"]

1. e4 c5 2. Nf3 Nc6 3. Bc4 Nf6 4. e5 d5 5. Bb5 Nd7 6. 0-0 Qc7 7. Nc3 e6 8. d4 cxd4 9. Nxd4 Ncxe5 10. Re1 Kd8 11. Bf4 Bd6 12. Bxd7 Bxd7 13. Ncb5 Bxb5 14. Nxb5 Qc4 15. Nxd6 Qxf4 16. Rxe5 Kd7 17. Nxf7 Qxf7 18. c4 Rhf8 19. Re2 Rae8 20. Qa4+ Kc8 21. Qxa7 Qc7 22. cxd5 exd5 23. Qa8+ Kd7 24. Qa4+ Qc6 25. Qg4+ Kc7 26. Qxg7+ Kb8 27. Rxe8+ Rxe8 28. Qxh7 Qf6 29. h3 Re2 30. Rf1 Qd4 31. a4 Rxb2 32. Qg8+ Ka7 33. g4 Qd3 34. g5 Qxh3 35. Qxd5 Qg4+ 36. Qg2 Qxa4 37. g6 Qa2 38. g7 Qg8 39. Ra1+ Kb6 40. Qg6+ Kc7 41. Rc1+ Kd7 42. Rd1+ Kc8 43. Qf5+ Kc7 44. Qe5+ Kb6 45. Qxb2+ Ka6 1-0

[Event "SEMI B049 email"]
[Site "SEMI email"]
[Date "2005.09.01"]
[Round "?"]
[White "Kelbl, Jiri"]
[Black "Corradetti, Roberto"]
[Result "0-1"]
[WhiteElo "1200"]
[BlackElo "1200"]
[PlyCount "58"]
[EventDate "2005.09.01"]
[EventType "tourn (corr)"]
[EventRounds "6"]
[EventCountry "ITA"]
[SourceTitle "Corr 2008"]
[Source "ChessBase"]
[SourceDate "2008.06.24"]
[SourceVersion "1"]
[SourceVersionDate "2008.06.24"]
[SourceQuality "1"]

1. e4 e5 2. Nf3 Nc6 3. Bb5 Nf6 4. 0-0 Nxe4 5. d4 Nd6 6. Bxc6 dxc6 7. dxe5 Nf5 8. Qxd8+ Kxd8 9. Nc3 h6 10. h3 Be6 11. g4 Ne7 12. Nd4 Bc4 13. Rd1 Ke8 14. f4 Nd5 15. Nxd5 cxd5 16. Be3 c5 17. Nb3 d4 18. Bf2 g5 19. f5 h5 20. Kg2 hxg4 21. hxg4 Be2 22. Rh1 Rxh1 23. Rxh1 Bxg4 24. f6 Rd8 25. Nd2 Rd5 26. Re1 Bf5 27. Nf3 g4 28. Ng5 Bxc2 29. Re2 d3 0-1

[Event "IECG CE.2005.0.00089 email"]
[Site "IECG email"]
[Date "2005.08.28"]
[Round "?"]
[White "Corradetti, Roberto"]
[Black "Harper, Roy"]
[Result "1-0"]
[WhiteElo "1231"]
[BlackElo "1258"]
[PlyCount "61"]
[EventDate "2005.08.28"]
[EventType "tourn (corr)"]
[EventRounds "6"]
[SourceTitle "Corr 2008"]
[Source "ChessBase"]
[SourceDate "2008.06.24"]
[SourceVersion "1"]
[SourceVersionDate "2008.06.24"]
[SourceQuality "1"]

1. e4 e5 2. Nf3 Nc6 3. Bc4 Nf6 4. c3 Nxe4 5. d3 Nf6 6. 0-0 Be7 7. Re1 d5 8. Bb5 0-0 9. Bxc6 bxc6 10. Nxe5 Bd6 11. Nxc6 Qd7 12. Nd4 c5 13. Nf3 Ba6 14. d4 Rfe8 15. Rxe8+ Rxe8 16. Nbd2 Be2 17. Qc2 c4 18. b3 Bd3 19. Qd1 Re2 20. h3 Qf5 21. bxc4 Ne4 22. c5 Nxc3 23. Qf1 Rxd2 24. Bxd2 Bxf1 25. cxd6 Bxg2 26. Kxg2 Qg6+ 27. Bg5 Qxd6 28. Rc1 h6 29. Rxc3 hxg5 30. Nxg5 Qg6 31. Rc8# 1-0

[Event "IECG QE.2004.0.00075"]
[Site "IECG email"]
[Date "2004.08.19"]
[Round "?"]
[White "Agustoni, Alessandro"]
[Black "Corradetti, Roberto"]
[Result "1-0"]
[WhiteElo "1200"]
[BlackElo "1200"]
[PlyCount "53"]
[EventDate "2004.08.19"]
[EventType "tourn (corr)"]
[EventRounds "6"]
[SourceTitle "Corr 2008"]
[Source "ChessBase"]
[SourceDate "2008.06.24"]
[SourceVersion "1"]
[SourceVersionDate "2008.06.24"]
[SourceQuality "1"]

1. e4 c5 2. Nf3 d6 3. d4 cxd4 4. Nxd4 Nf6 5. Nc3 a6 6. Bd3 g6 7. Be3 Bg7 8. Qd2 Ng4 9. 0-0-0 Nxe3 10. Qxe3 0-0 11. Kb1 Nc6 12. Nde2 Bg4 13. f3 Be6 14. Nd5 Bxd5 15. exd5 Nb4 16. Be4 f5 17. Bd3 Qc8 18. Nf4 Bh6 19. Qd4 Bxf4 20. Qxb4 Be3 21. Rhe1 f4 22. g3 Qc7 23. Qe4 Rf7 24. Re2 Qb6 25. Qe6 Qc5 26. gxf4 Bxf4 27. Rg2 1-0

[Event "IECG QE.2004.0.00075"]
[Site "IECG email"]
[Date "2004.08.19"]
[Round "?"]
[White "Corradetti, Roberto"]
[Black "Noble, Walden"]
[Result "0-1"]
[WhiteElo "1200"]
[BlackElo "1250"]
[PlyCount "60"]
[EventDate "2004.08.19"]
[EventType "tourn (corr)"]
[EventRounds "6"]
[SourceTitle "Corr 2008"]
[Source "ChessBase"]
[SourceDate "2008.06.24"]
[SourceVersion "1"]
[SourceVersionDate "2008.06.24"]
[SourceQuality "1"]

1. e4 c5 2. Nf3 Nc6 3. d4 cxd4 4. Nxd4 Nf6 5. Nc3 e5 6. Ndb5 d6 7. Nd5 Nxd5 8. exd5 Ne7 9. c4 Ng6 10. Bd3 Be7 11. 0-0 0-0 12. Bxg6 hxg6 13. Be3 a6 14. Nc3 f5 15. Na4 f4 16. Bb6 Qe8 17. Bc7 b5 18. Nb6 Ra7 19. Nxc8 Qxc8 20. Bb6 Rb7 21. c5 f3 22. gxf3 Qh3 23. Ba5 Rf5 24. Bd2 Bg5 25. Kh1 Bxd2 26. Rg1 Rh5 27. Rg2 Bf4 28. Qg1 Qxf3 29. cxd6 Rd7 30. a4 b4 0-1

[Event "IECG CE.2004.0.00066 email"]
[Site "IECG email"]
[Date "2004.01.15"]
[Round "?"]
[White "Boyd, John Michael"]
[Black "Corradetti, Roberto"]
[Result "1/2-1/2"]
[WhiteElo "1250"]
[BlackElo "1200"]
[PlyCount "79"]
[EventDate "2004.01.15"]
[EventType "tourn (corr)"]
[EventRounds "6"]
[SourceTitle "Corr 2008"]
[Source "ChessBase"]
[SourceDate "2008.06.24"]
[SourceVersion "1"]
[SourceVersionDate "2008.06.24"]
[SourceQuality "1"]

1. b3 e5 2. Bb2 Nc6 3. e3 Nf6 4. c4 Be7 5. Nf3 e4 6. Nd4 Nxd4 7. Bxd4 0-0 8. d3 d5 9. cxd5 Qxd5 10. Nc3 Qc6 11. Nxe4 Nxe4 12. dxe4 Bb4+ 13. Ke2 Qxe4 14. f3 Qe6 15. Qc2 Rd8 16. Rd1 c5 17. Bxc5 Rxd1 18. Kxd1 Qd5+ 19. Bd4 Bf5 20. Qc7 Rc8 21. Qe5 Qxe5 22. Bxe5 Bc2+ 23. Kc1 Bxb3+ 24. Kb2 Bc2 25. Bb5 Bf5 26. Rd1 f6 27. Bd4 a6 28. Bd3 Bxd3 29. Rxd3 b5 30. Bc3 Bxc3+ 31. Rxc3 Re8 32. e4 Kf7 33. Kb3 Rd8 34. Rc7+ Kg6 35. Kc2 Rd6 36. h4 h5 37. Ra7 Rc6+ 38. Kd2 Kh6 39. Ra8 Kh7 40. Ra7 1/2-1/2

[Event "IECG CE.2003.0.00059 email"]
[Site "IECG email"]
[Date "2003.09.21"]
[Round "?"]
[White "Corradetti, Roberto"]
[Black "Ergur, Fuat"]
[Result "0-1"]
[WhiteElo "1200"]
[BlackElo "1257"]
[PlyCount "82"]
[EventDate "2003.09.21"]
[EventType "tourn (corr)"]
[EventRounds "6"]
[SourceTitle "Corr 2008"]
[Source "ChessBase"]
[SourceDate "2008.06.24"]
[SourceVersion "1"]
[SourceVersionDate "2008.06.24"]
[SourceQuality "1"]

1. e4 c5 2. d4 cxd4 3. c3 Nf6 4. e5 Nd5 5. cxd4 d6 6. Nf3 Nc6 7. Bc4 Nb6 8. Bb5 Bd7 9. Nc3 a6 10. Be2 Bf5 11. 0-0 e6 12. Bg5 Be7 13. Bxe7 Nxe7 14. Nh4 0-0 15. f4 dxe5 16. dxe5 Nbd5 17. Nxd5 exd5 18. Nxf5 Nxf5 19. Bf3 Ne3 20. Qb3 Nxf1 21. Rxf1 d4 22. Rd1 Qa5 23. Qd5 Qxd5 24. Bxd5 Rfd8 25. Rxd4 Rac8 26. Kf2 Kf8 27. Ke3 Rc1 28. Bxb7 Re1+ 29. Kd2 Rxd4+ 30. Kxe1 a5 31. g3 Rb4 32. Bd5 Rxb2 33. h4 a4 34. h5 a3 35. Kf1 h6 36. Ke1 Ke7 37. Kd1 Rb5 38. Bc4 Rb4 39. Bd3 Rb3 40. Bc4 Rxg3 41. f5 Rg5 0-1

[Event "SEMI B037 email"]
[Site "SEMI email"]
[Date "2003.09.01"]
[Round "?"]
[White "Murazzi, Michele"]
[Black "Corradetti, Roberto"]
[Result "0-1"]
[WhiteElo "1300"]
[BlackElo "1200"]
[PlyCount "62"]
[EventDate "2003.09.01"]
[EventType "tourn (corr)"]
[EventRounds "6"]
[EventCountry "ITA"]
[SourceTitle "Corr 2008"]
[Source "ChessBase"]
[SourceDate "2008.06.24"]
[SourceVersion "1"]
[SourceVersionDate "2008.06.24"]
[SourceQuality "1"]

1. Nf3 d5 2. c4 c6 3. b3 Nf6 4. g3 dxc4 5. bxc4 e5 6. Bb2 e4 7. Ng5 Bc5 8. Nc3 Bxf2+ 9. Kxf2 Qb6+ 10. Ke1 Qxb2 11. Rb1 Qa3 12. e3 0-0 13. Qc2 Re8 14. Ncxe4 Nxe4 15. Nxe4 Na6 16. Rb3 Qe7 17. Bd3 Nb4 18. Qc3 Nxd3+ 19. Qxd3 Bf5 20. Nf6+ Qxf6 21. Qc3 Qxc3 22. Rxc3 Rad8 23. Kd1 b5 24. cxb5 cxb5 25. d4 b4 26. Rb3 a5 27. a3 Be6 28. Rb2 bxa3 29. Rb5 Rb8 30. Rxb8 Rxb8 31. Kc1 a2 0-1